LEADER 01230nam a2200253 i 4500 001 000000155727 003 CaOOAMICUS 005 20061120000000.0 008 061120s1954 it u000 u ita u 013 $a133081 040 $aSeMil$bita 100 1 $aAurigemma, Salvatore.$0(OLS)http://semarc/name/60886 245 13$aLe Terme di Diocleziano e il Museo Nazionale Romano /$cMinistero della Pubblica Istruzione Direzione Generale delle Antichità e Belle Arti ; Salvatore Aurigemma. 250 $a3. ed. 260 $aRoma :$bLa Libreria dello Stato,$c1954. 300 $a176 p., [104] p. di tav. ;$c19 cm. 490 0 $aItinerari dei Musei e Monumenti d'Italia ;$v78 500 $aIn mezzo al front : (148 Illustrazioni). 710 0 $aItalia : Ministero dell'Istruzione, dell'Università e della Ricerca.$0(OLS)http://semarc/name/417 830 0$aItinerari dei musei e monumenti d'Italia ;$v78.$0(OLS)http://semarc/title/42613 850 $aSeMil 852 $aSeMil$W1$xVenegono$y1$m5J VI 172$j107555$B107555$CSeMilBibl$Z2$F117064 $81 996 $6245$aLe Terme di Diocleziano e il Museo Nazionale Romano$9(OLS)http://semarc/title/228120 996 $6260$aRoma :$bLa Libreria dello Stato$9(OLS)http://semarc/publisher/34502 LEADER 00943nam a2200205 i 4500 001 000000244126 003 CaOOAMICUS 005 20150730000000.0 008 150730s1796 it u000 u ita u 013 $a223031 026 $aa.e. 3.3. i,e, Vedi (3) 1796 (R) 040 $aSeMil$bita 245 10$aSettembre. 300 $a206, [2] p. 500 $aSegn. : A-H12 I8. 773 0 $aMassini, Carlo $tSeconda raccolta di vite de' santi per ciaschedun giorno dell'anno ovvero Appendice alla raccolta delle vite de' santi si premette la vita della Santissima Vergine Maria madre di Dio.$bNuova edizione riveduta, ed accresciuta dall'autore.$dIn Bassano : A spese di Remondini di Venezia, 1796.$g[10$w()29439 850 $aSeMil 852 $aSeMil$W1$xVenegono$y1$m3H I 119 FA$j194472$B194472$CSeMilBibl$Z2$F205075 $8I 961 $aOmaggio: Biblioteca Seminario Duomo 996 $6245$aSettembre$9(OLS)http://semarc/title/271414